000 00690nam a2200241Ia 4500
003 OSt
005 20220916110921.0
006 a|||||r|||| 00| 0
007 ta
008 220915b |||||||| |||| 00| 0 hin d
024 _a268852
037 _cTextbook
040 _bhin
_aARTS
_cARTS
041 _ahin
082 _aO15v2:L5, 152K2(TTPH)
245 0 _aसंस्कृत साहित्य का इतिहास
246 _aSanskṛut sāhitya kā itihāsa
260 _c1962
300 _a192पण्
_ccm.
650 _aहिन्दी साहित्य
942 _hO15v2:L5, 152K2(TTPH)
_cTB
_2CC
999 _c101349
_d101349